Słoweńscy sportowcy - quiz obrazkowy. - Statystyki

Ogólne statystyki
  • Ten quiz został rozwiązany 43 razy
  • Średni wynik to 8 z 16
Statystyki odpowiedzi
Obrazkowy Odpowiedź % Poprawnych
Jan Oblak
95%
Peter Prevc
86%
Luka Doncic
81%
Samir Handanovic
81%
Primoz Peterka
65%
Robert Kranjec
65%
Primoz Roglic
51%
Tadej Pogacar
49%
Tine Urnaut
43%
Klemen Cebulj
41%
Ursa Bogataj
32%
Petra Majdic
30%
Tina Maze
19%
Anze Kopitar
14%
Janja Garnbret
8%
Radoslav Nesterovic
3%
Nie znaleziono quizów pasujących do podanych kryteriów
Rozkład punktacji
Procent ludzi z każdym wynikiem
Percentyl według liczby udzielonych odpowiedzi
Twoja historia wyników
Nie rozwiązałeś tego quizu